000 00299nam a22001337a 4500
008 170713b xxu||||| |||| 00| 0 eng d
020 _a081413005998
041 _aeng
080 _a038
100 _a23
101 _aFJA
245 _aTHE MERRIAM- WEBSTER DICTIONARY
_c MISH,F.C
942 _2udc
_cBK
999 _c20480
_d20480